000 01091nam a2200277 a 4500
005 20080811105156.0
008 070914s2007 ii b 001 0 eng
010 _aENG-91800
020 _c330.00
035 _aEN-75333
037 _bDBAD / PUB
040 _adpl
_bEnglish
082 _a513.09
100 _aChacraverti, Śāntanu.
245 _aŚubhaṅkarī :
_ban indigenous tradition of elementary mathematical instruction /
_cby Santanu Chacraverti.
260 _aKolkata :
_bThe Asiatic Society,
_c2007.
270 _a1 Park Street
_bKolkata
_e700016
300 _axv, 176 p. ;
_c22 cm (Hb)
490 _aMonograph series; no. 43
500 _aIncludes bibliographical references and index.
546 _aIncludes words in Bengali and Sanskrit
_b(roman)
650 _aArithmetic
_xHistory.
650 _aMathematics
_zIndia
_zBengal
_xHistory.
942 _2ddc
_cEN
_mCHA
_h513.09
999 _c19064
_d19064